000 00323nam a22001457a 4500
020 _a81-7167-928-5
082 _a823
_bBUC/T
100 _aBUCHAN, JOHN
245 _aTHE THIRTY-NINE STEPS
260 _aNEW DELHI
_bRUPA CO.
_c2002
300 _a133
520 _aCHILDRENS NOVEL
650 _aCHILDRENS NOVEL
942 _cBK
999 _c5719
_d5719